| 000 | 00354 a2200157 4500 | ||
|---|---|---|---|
| 001 | 151177 | ||
| 040 | _cEscola São Tomás de Aquino | ||
| 100 | _aCARRASCO, Walcyr | ||
| 240 | 1 | 0 |
_aO menino narigudo _lpor |
| 245 | 1 | 0 | _aO menino narigudo |
| 300 | _a60 | ||
| 362 | 0 | _a1993 | |
| 440 | 1 | _aModerna | |
| 697 | _a*LITERATURA INFANTO JUVENIL | ||
| 942 | _cBK | ||
| 999 |
_c151177 _d151177 |
||